000 01081nam a2200253Ia 4500
999 _c38496
_d38496
001 4509
003 GE_BSU
005 20191016170241.0
008 181216s2012||||ge |||||||||||||| ||geo||
020 _a9789941041495
040 _cGE_BSU
041 _ageo
080 _a340(075.8) ლ–76
100 _aლობჟანიძე, გივი
_94775
245 _aსამართალმცოდნეობის შესავალი /
_bსაფუძვლები. სახელმძღვ.
_cრედ. რომან შენგელია.
264 _aთბ.:
_c 2012.
300 _a636 გვ. ;
_b20 სმ.
504 _aბიბლიოგრ. ტექსტ. შენიშვნ.
653 _a სამართალმცოდნეობა
700 _aლობჟანიძე, დავით
_eავტორი
_94776
700 _aივანიშვილი, დავით
_eავტორი
_94777
700 _aშენგელია, რომან
_eრედაქტორი
_9909
942 _cBK
_2udc